| 000 | 01934nam a22002537a 4500 | ||
|---|---|---|---|
| 005 | 20260429144907.0 | ||
| 008 | 260429b |||||||| |||| 00| 0 ukr d | ||
| 020 |
_a966-7060-73-Х _c30.00 |
||
| 040 | _bукр. | ||
| 041 |
_2ukr _aukr |
||
| 080 | _a94(477) | ||
| 090 |
_a94(477) _bС 32 |
||
| 100 | _aСергійчук,Володимир | ||
| 245 |
_aУкраїнський здвиг. Прикарпаття. 1939-1955 _hТекст |
||
| 260 |
_aКиїв _bУкраїнська Видавнича Спілка _c2005 |
||
| 300 |
_a840 с. _fВ опр. |
||
| 490 | _vТ.3. | ||
| 520 | _aУ черговій книзі п'ятитомного видання документів і матеріалів про український національно-визвольний рух за відновлення і утвердження власної держави з початком Другої світової війни, розповідається про пробудження національної свідомості українців Карпатського краю, котрі протягом багатьох століть були поневолені чужинцями. На конкретних фактах показано, як поряд із жертовним відродженням українства по обох схилах Карпат у 1939-1941 роках готувався плацдарм для розгортання визвольної боротьби на Великій Україні. | ||
| 521 | _aДля широкого кола читачів | ||
| 546 | _aукр. | ||
| 650 |
_aНауково-популярна література _v Історія України ХХ століття |
||
| 653 |
_aНаціонально-визвольних рух _aДруга світова війна _aВідродження українства |
||
| 942 |
_2udc _cBK |
||
| 999 |
_c17564 _d17564 |
||